000 00419nam a2200181Ia 4500
001 2995
005 20260306144848.0
008 260306t2013||||xx |||||||||||||| ||spa||
041 _aESP
082 _a240
_bE92
100 _aEsteban Duque, Roberto
_eAUT
245 0 _aTeología moral especial
260 _c2013
300 _a447 páginas :
_c24 cm.
650 _aGEN
654 _aCHU
942 _cLIB
_dJUS
_fJUS
_2ddc
_n
999 _c2995
_d2995